| 000 | 00445nam a22001697a 4500 | ||
|---|---|---|---|
| 003 | NUST - PNEC | ||
| 005 | 20170116181149.0 | ||
| 008 | 151027b xxu||||| |||| 00| 0 eng d | ||
| 020 | _a- | ||
| 040 | _cLIBRARY | ||
| 082 | _a658.312 GUP | ||
| 100 |
_915273 _aGupta, prem kumar |
||
| 245 |
_aOperation research and quantitative analysis _cPrem Kumar Gupta |
||
| 260 | _cc.1993 | ||
| 650 |
_915274 _aOperation Research _xMIS |
||
| 942 |
_2ddc _cBK |
||
| 999 |
_c70872 _d70872 |
||